UM Logo

Driving control of gan devices for transient response improvement voltage regulator / (Record no. 21296)

MARC details
000 -LEADER
fixed length control field 01166nam a22002777a 4500
003 - CONTROL NUMBER IDENTIFIER
control field OSt
005 - DATE AND TIME OF LATEST TRANSACTION
control field 20250830062520.0
008 - FIXED-LENGTH DATA ELEMENTS--GENERAL INFORMATION
fixed length control field 240904b ||||| |||| 00| 0 eng d
040 ## - CATALOGING SOURCE
Transcribing agency 0
082 ## - DEWEY DECIMAL CLASSIFICATION NUMBER
Classification number DPer 621.317 Ie21 December 2022 v.37 n. 12 part 1&2.
100 ## - MAIN ENTRY--PERSONAL NAME
Personal name Wang, Kangping.
Relator term author.
9 (RLIN) 60107
245 ## - TITLE STATEMENT
Title Driving control of gan devices for transient response improvement voltage regulator /
Statement of responsibility, etc. Kangping Wang, Gaohao Wei, Jiarui Wu, Quingyuan Gao, Wenjie Chen, and Xu Yang.
260 ## - PUBLICATION, DISTRIBUTION, ETC. (IMPRINT)
Place of publication, distribution, etc. New York ;
Name of publisher, distributor, etc. The Institute of Electrical and Electronics Engineers, Inc.,
Date of publication, distribution, etc. December 2022.
300 ## - PHYSICAL DESCRIPTION
Extent volume 37, pages 14017-14027,
Other physical details illustration.
500 ## - GENERAL NOTE
General note IEEE Transactions on Power Electronics, v. 37 n. 12, pages 14017-14027, December 2022.
650 #0 - SUBJECT ADDED ENTRY--TOPICAL TERM
Topical term or geographic name as entry element Driving control.
9 (RLIN) 65949
650 #0 - SUBJECT ADDED ENTRY--TOPICAL TERM
Topical term or geographic name as entry element Voltage control.
9 (RLIN) 65950
650 #0 - SUBJECT ADDED ENTRY--TOPICAL TERM
Topical term or geographic name as entry element Gallium nitride (GaN).
9 (RLIN) 65951
700 ## - ADDED ENTRY--PERSONAL NAME
Personal name Wang, Kangping.
Relator term author.
9 (RLIN) 60107
700 ## - ADDED ENTRY--PERSONAL NAME
Personal name Wei, Gaohao.
Relator term author.
9 (RLIN) 60108
700 ## - ADDED ENTRY--PERSONAL NAME
Personal name Wu, Jiarui.
Relator term author.
9 (RLIN) 60109
700 ## - ADDED ENTRY--PERSONAL NAME
Personal name Gao, Quingyuan.
Relator term author,
9 (RLIN) 60110
700 ## - ADDED ENTRY--PERSONAL NAME
Personal name Chen, Wenjie.
Relator term author.
9 (RLIN) 60111
700 ## - ADDED ENTRY--PERSONAL NAME
Personal name Yang, Xu.
Relator term author.
9 (RLIN) 60112
942 ## - ADDED ENTRY ELEMENTS (KOHA)
Source of classification or shelving scheme Dewey Decimal Classification
Koha item type Periodicals
Holdings
Withdrawn status Lost status Source of classification or shelving scheme Damaged status Not for loan Collection code Home library Current library Date acquired Total Checkouts Full call number Date last seen Price effective from Koha item type Public note
    Dewey Decimal Classification     Periodicals UM Digos College - LIC UM Digos College - LIC 09/04/2024   DPer 621.317 Ie21 December 2022 v.37 n. 12 part 1&2. 09/04/2024 09/04/2024 Periodicals Periodical Article